[Event "Vignola op 11th"]
[Site "Vignola"]
[Date "2012.11.16"]
[Round "1"]
[White "Di Trapani, Luigi"]
[Black "De Biaggi, Paolo"]
[Result "1/2-1/2"]
[WhiteElo "1548"]
[BlackElo "1865"]
[PlyCount "116"]
[EventDate "2012.11.16"]
[EventType "swiss"]
[EventRounds "5"]
[EventCountry "ITA"]
[SourceTitle "EXT 2014"]
[Source "ChessBase"]
[SourceDate "2013.11.20"]
[SourceVersion "1"]
[SourceVersionDate "2013.11.20"]
[SourceQuality "1"]

1. d4 d5 2. Nf3 Nf6 3. Nbd2 e6 4. e3 c5 5. c3 c4 6. Qc2 Be7 7. Be2 b6 8. 0-0 Bb7 9. Ne5 Nfd7 10. f4 f5 11. Ndf3 0-0 12. Bd2 Nf6 13. b3 b5 14. bxc4 bxc4 15. Rfb1 Bc8 16. Qa4 Qc7 17. Bc1 Ne4 18. Qc2 Nc6 19. Nxc6 Qxc6 20. Ne5 Qa6 21. Bf3 Nf6 22. a4 Nd7 23. Ba3 Bxa3 24. Rxa3 Nxe5 25. fxe5 Bd7 26. Bd1 Rab8 27. Ra2 Qa5 28. Rab2 Rb6 29. Rb4 Rfb8 30. Rxb6 Rxb6 31. Rxb6 Qxb6 32. Qa2 a5 33. Kf2 Kf7 34. g4 g5 35. h3 Qb8 36. Kg3 Qf8 37. Qb2 Kg6 38. Qc1 Qb8 39. Kf3 h5 40. gxh5+ Kxh5 41. Kg3+ Kg6 42. Bc2 Qh8 43. Qf1 Qf8 44. Qc1 Kf7 45. Kf3 Qh6 46. Kg2 Qh4 47. Qd2 Kg7 48. Qf2 Qh5 49. Qf3 Qe8 50. Qd1 Qb8 51. Qc1 Kh6 52. Bd1 Be8 53. Kg3 Bh5 54. Bxh5 Kxh5 55. Qd1+ Kh6 56. h4 Qb3 57. hxg5+ Kxg5 58. Qh1 Qxc3 1/2-1/2

[Event "Giovanni Pico Cup 5th"]
[Site "Mirandola"]
[Date "2012.01.13"]
[Round "1"]
[White "Di Trapani, Luigi"]
[Black "Sacchetti, Andrea"]
[Result "1-0"]
[WhiteElo "1556"]
[BlackElo "1873"]
[PlyCount "74"]
[EventDate "2012.01.13"]
[EventType "swiss"]
[EventRounds "5"]
[EventCountry "ITA"]
[SourceTitle "EXT 2023"]
[Source "ChessBase"]
[SourceDate "2022.10.05"]
[SourceVersion "1"]
[SourceVersionDate "2022.10.05"]
[SourceQuality "1"]

1. d4 d5 2. Nf3 Nf6 3. e3 e6 4. Bd3 Be7 5. 0-0 0-0 6. Nbd2 Nbd7 7. c4 c5 8. b3 Re8 9. Bb2 b6 10. e4 dxe4 11. Nxe4 Bb7 12. Re1 cxd4 13. Bxd4 Nxe4 14. Bxe4 Bxe4 15. Rxe4 Nc5 16. Rg4 f6 17. Qc2 e5 18. Be3 Qd3 19. Qxd3 Nxd3 20. Nh4 Kh8 21. Nf5 Bf8 22. Rd1 Rad8 23. Kf1 Nb4 24. Rxd8 Rxd8 25. Ke2 Nxa2 26. Bd2 Rd7 27. Rg3 Bb4 28. Rd3 Rxd3 29. Kxd3 Bf8 30. Ke4 Nb4 31. Bxb4 Bxb4 32. Kd5 Kg8 33. Nd6 Bxd6 34. Kxd6 Kf7 35. b4 Ke8 36. Kc6 Kd8 37. Kb7 Kd7 1-0

[Event "Lugano New op 5th"]
[Site "Lugano"]
[Date "2011.04.23"]
[Round "2"]
[White "Di Trapani, Luigi"]
[Black "Alberio, Silvio"]
[Result "0-1"]
[WhiteElo "1575"]
[BlackElo "1821"]
[PlyCount "44"]
[EventDate "2011.04.22"]
[EventType "swiss"]
[EventRounds "6"]
[EventCountry "SUI"]
[SourceTitle "CBM 142 Extra"]
[Source "ChessBase"]
[SourceDate "2011.06.27"]
[SourceVersion "1"]
[SourceVersionDate "2011.06.27"]
[SourceQuality "1"]

1. d4 Nf6 2. c4 g6 3. Nc3 d5 4. Nf3 Bg7 5. e3 0-0 6. Bd3 c5 7. cxd5 cxd4 8. Nxd4 Nxd5 9. 0-0 Nxc3 10. bxc3 e5 11. Ne2 Qa5 12. e4 Rd8 13. Qc2 Be6 14. Rd1 Nd7 15. Be3 Rac8 16. Rd2 Nc5 17. Bxc5 Qxc5 18. Kh1 Qxf2 19. Ng1 Qc5 20. Nf3 Qxc3 21. Qxc3 Rxc3 22. Ne1 Bh6 0-1

[Event "Modena Province-ch 11"]
[Site "Modena"]
[Date "2010.12.12"]
[Round "5"]
[White "Faglioni, Isacco"]
[Black "Di Trapani, Luigi"]
[Result "1-0"]
[WhiteElo "1476"]
[BlackElo "1610"]
[PlyCount "53"]
[EventDate "2010.12.10"]
[EventType "swiss"]
[EventRounds "5"]
[EventCountry "ITA"]
[SourceTitle "EXT 2024"]
[Source "ChessBase"]
[SourceDate "2023.10.10"]
[SourceVersion "1"]
[SourceVersionDate "2023.10.10"]
[SourceQuality "1"]

1. e4 d6 2. d4 Nf6 3. Nc3 c6 4. Bf4 Qa5 5. Qd3 g6 6. a3 Bg7 7. 0-0-0 0-0 8. Be2 b5 9. h4 Ba6 10. Qg3 b4 11. axb4 Qxb4 12. h5 Bxe2 13. Ngxe2 Nxh5 14. Rxh5 Nd7 15. Rh4 Rfb8 16. b3 a5 17. Qh3 Nf8 18. Rh1 f6 19. Bh6 Bxh6+ 20. Rxh6 Kf7 21. Rxh7+ Nxh7 22. Qxh7+ Ke6 23. Qxg6 Rg8 24. Qf5+ Kf7 25. Rh7+ Kf8 26. Qe6 Rg7 27. Rh8+ 1-0

[Event "Modena Province-ch"]
[Site "Modena"]
[Date "2009.12.12"]
[Round "4"]
[White "Di Trapani, Luigi"]
[Black "Zuccaro, Guido"]
[Result "1-0"]
[WhiteElo "1501"]
[BlackElo "1765"]
[PlyCount "69"]
[EventDate "2009.12.11"]
[EventType "swiss"]
[EventRounds "5"]
[EventCountry "ITA"]
[SourceTitle "EXT 2012"]
[Source "ChessBase"]
[SourceDate "2011.11.24"]
[SourceVersion "1"]
[SourceVersionDate "2011.11.24"]
[SourceQuality "1"]

1. d4 d5 2. c4 c6 3. c5 Bf5 4. Nf3 Nf6 5. e3 g6 6. h3 Bg7 7. Nh4 Bd7 8. Bd3 0-0 9. 0-0 Re8 10. Nf3 Bc8 11. b4 Nbd7 12. Bb2 Ne4 13. a4 Kh8 14. Bxe4 dxe4 15. Ng5 Kg8 16. Nxe4 Nf6 17. Nbd2 Nd5 18. b5 Rb8 19. Nc4 Bf5 20. Ng3 Bd7 21. Qb3 a6 22. b6 Qc8 23. Kh2 h5 24. Ne4 Bf5 25. f3 Bh6 26. Ng3 Be6 27. Qd3 Nb4 28. Qb3 Nd5 29. Qa3 Rd8 30. a5 h4 31. Ne4 f5 32. Nf2 Nf4 33. Ne5 Ne2 34. Nxg6 f4 35. Nxe7+ 1-0